Представление документа в формате RUSMARC

ПолеНазваниеЗначение
  Тип записи a
  Библиографический уровень a
001 Контрольный номер RU/CBS_UL/BASE/c31504c3c6ee4cab8d3ebd7ab85bdfe0
005 Дата корректировки 20230518162402.0
100 Данные общей обработки __
a Данные общей обработки 20230518 ||| 0rusy0189 ca
101 Язык документа 0_
a Язык текста rus
102 Страна публикации __
a Страна публикации RU
200 Заглавие и сведения об ответственности 1_
a Заглавие Открытия, перевернувшие палеонтологию
e Сведения, относящиеся к заглавию [самые интересные открытия в палеонтологии]
f Первые сведения об ответственности К. Рыбаков
300 Общие примечания __
a Общие примечания 12+
461 Уровень набора _0
1 2000
a Думай
463 Уровень физической единицы _0
1 2000
a № 2
v С. 18-23 : ил
1 2101
d 2023
1 001RU/CBS_UL/BASE/cb6964dccf424af6b357a01cb835f39d
606 Тематические рубрики 0_
a Основная рубрика Палеонтология
610 Ключевые слова 0_
a Ключевые слова палеонтология
610 Ключевые слова 0_
a Ключевые слова палеонтологические находки
610 Ключевые слова 0_
a Ключевые слова находки в палеонтологии
610 Ключевые слова 0_
a Ключевые слова палеонтологические открытия
610 Ключевые слова 0_
a Ключевые слова открытия в палеонтологии
610 Ключевые слова 0_
a Ключевые слова мамонты
610 Ключевые слова 0_
a Ключевые слова мегалозавры
610 Ключевые слова 0_
a Ключевые слова археоптериксы
610 Ключевые слова 0_
a Ключевые слова диплодоки
610 Ключевые слова 0_
a Ключевые слова динозавры
686 Индексы других классификаций __
2 Код системы rubbk
a Классификационный индекс 28.1
700 Автор _1
a Фамилия Рыбаков
b Имя (инициалы) К.
801 Источник записи _0
a Страна RU
b Организация МБУК ЦБС г. Ульяновска
c Дата составления 20230518
g Правила каталогизации RCR
801 Источник записи _1
a Страна RU
b Организация МБУК ЦБС г. Ульяновска
c Дата составления 20230518
g Правила каталогизации RCR
901 Тип документа __
t Тип документа b
w Контрольный № источника RU/CBS_UL/BASE/cb6964dccf424af6b357a01cb835f39d